Les 15 meilleurs passeurs de premier league (saison 2023-2024) - Statistiques

Statistiques générales
  • Ce quiz a été pris 77 fois
  • Le résultat moyen est 10 sur 15
Statistiques - réponses
Classement
Nombre de
passes
décisives
Équipe Joueur % Correct
6 10 Manchester City Kevin De Bruyne
97%
2 11 Chelsea Cole Palmer
96%
11 10 Tottenham Heung-Min Son
94%
5 10 Liverpool Mohamed Salah
93%
3 10 Arsenal Martin Odegaard
91%
1 13 Aston Villa Ollie Watkins
86%
12 9 Arsenal Bukayo Saka
84%
7 10 Newcastle Anthony Gordon
70%
15 9 Manchester City Rodri
70%
14 9 Manchester City Julian Alvarez
68%
9 10 Nottingham Forest Morgan Gibbs-White
41%
13 9 Aston Villa Leon Bailey
38%
8 10 Newcastle Kieran Trippier
36%
4 10 Brighton Pascal Gross
33%
10 10 Tottenham Brennan Johnson
29%
Aucun quiz correspondant
Distribution des résultats
% des personnes avec chaque résultat
Percentile par nombre de réponses
Votre historique - résultats
Vous n’avez pas pris ce quiz